| 000 | 01944ngm a2200385 a 4500 | ||
|---|---|---|---|
| 003 | BLK | ||
| 005 | 20240704005341.0 | ||
| 008 | 180410b bul||n||s|||||||| n|bulo| | ||
| 010 | _aCDD00002809000 | ||
| 040 | _aBLK | ||
| 041 |
_aBUL _cBUL |
||
| 080 |
_aКомедии _b791.221.2 _x(497.2)(086.8) _z791.221.2(497.2)(086.8) |
||
| 139 |
_aБай Ганьо тръгва по Европа [видео DVD] _bБ 14 |
||
| 245 | 1 | 0 |
_aБай Ганьо тръгва по Европа [видео DVD] _bDVD 1 - _cпо Алеко Иваницов Константинов; сценарист Стефан Стефанов; режисьор Иван Ничев; оператор Иван Велчев; музика Божидар Петков; в ролите Георги Калоянчев. _nDVD 2. Епизод 1, 2 _pБай Ганьо у Иречека |
| 257 | _aBGR | ||
| 260 |
_aСофия _bв. Стандарт _c2007 |
||
| 300 |
_c12 см _a55 мин. |
||
| 380 | _a7 | ||
| 500 | _aДигитално изд. - Изт. : Загл. екран ; Етикет ; Обложка. - Системни изисквания : DVD устройство ; Windows Media Player. - Формат на картина 4:3 PAL. | ||
| 590 | _aS.N: 80263 от КНИГИ | ||
| 700 | 1 |
_aСтефанов, Стефан _eсценарист _9364632 |
|
| 700 | 1 |
_aНичев, Иван _eрежисьор _9354440 |
|
| 700 | 1 |
_aВелчев, Иван _eоператор _9381548 |
|
| 700 | 1 |
_aПетков, Божидар _eмузика _9354397 |
|
| 700 | 1 |
_aКалоянчев, Георги _eв ролите _9387761 |
|
| 760 | 1 |
_d2007 _tDVD 2. Епизод 1, 2 Бай Ганьо у Иречека |
|
| 852 |
_aЦб CD 1571 _p0 |
||
| 856 | 4 |
_qpdf _u |
|
| 856 | 4 |
_qpdf _u |
|
| 942 |
_cCDD _n0 _s0 |
||
| 944 |
_aCR _c27.12.2007 _k _lCRON CRON |
||
| 944 |
_aED _c27.08.2009 |
||
| 999 |
_c220348 _d220348 |
||
| 999 | _d220348 | ||
| 999 | _d220348 | ||